| 000 | 01033nas a2200313 4500 | ||
|---|---|---|---|
| 001 | BR8602882 | ||
| 003 | BR-BrBNA | ||
| 005 | 20231205090515.0 | ||
| 007 | ta | ||
| 008 | 230509b bl.|||p| |||| 00| 00por d | ||
| 040 |
_aBR-BrBNA _bpor _cBiblioteca Nacional de Agricultura |
||
| 041 | _a(Pt) | ||
| 072 | _aF03 | ||
| 100 | 1 | _aFigueiredo, A.F. de | |
| 100 | 1 | _aFallieri, J. | |
| 100 | 1 | _aSilveira, J.F. da | |
| 100 | 1 | _aVieira, M. das G.G.C. | |
| 245 | 1 |
_aAvaliacao da qualidade das sementes de algodao (Gossypium hirsutum L.)comercializados em Minas Gerais _bParte de tese |
|
| 246 | 1 |
_aSeed quality evaluation of cotton (Gossypium hirsutum L.)marketed in Minas Gerais, Brazil _bPart of thesis |
|
| 650 | _aALGODAO | ||
| 650 | _aSEMENTE | ||
| 650 | _aPUREZA | ||
| 650 | _aTESTE DE VIGOR | ||
| 650 | _aGERMINACAO | ||
| 650 | _aMINAS GERAIS | ||
| 773 | 0 |
_tCiencia e Pratica (Brazil) _xISSN 0100-3267 _g(Jul-Dec 1984), v. 8(2) p. 109-121 _wBR8602882 |
|
| 909 |
_a202311 _bLúcia _c55 _dLúcia Elande |
||
| 942 |
_2AGRIS _n0 _cANA |
||
| 999 |
_c118915 _d118915 |
||